000 00685nam a2200241Ia 4500
003 OSt
005 20221005085334.0
006 a|||||r|||| 00| 0
007 ta
008 221004b |||||||| |||| 00| 0 eng d
024 _a76268
037 _cTextual
040 _aCRL
_cCRL
_beng
041 _2eng
_aeng
082 _aY73xN09x, J3
100 _aRiesman David and others
_9614128
245 0 _aLonely crowd
_b A study of the changing American character
260 _aNew York
_bDoubleday Anchor Books USA
_c1950
300 _a359p.
_ccm.
650 _aSOCIOLOGY
942 _hY73xN09x, J3
_cTEXL
_2cc
999 _c994051
_d994051